Deutsche und internationale Autoren - Statistiken

Allgemein
  • Dieses Quiz wurde 474 mal gespielt
    300 seit der letzten Aktualisierung
  • Das Durchschnittsergebnis liegt bei 38 aus 96
Antwortstatistiken
Werk Jahr verfasst von % Korrekt
Faust 1808 Johann Wolfgang von Goethe
99%
Harry Potter und der Stein der Weisen 1997 J K Rowling
91%
Hamlet 1601 William Shakespeare
91%
Pippi Langstrumpf 1945 Astrid Lindgren
89%
Die Verwandlung 1912 Franz Kafka
87%
Das Tagebuch der Anne Frank 1942 Anne Frank
86%
Es 1986 Stephen King
83%
Kabale und Liebe 1784 Friedrich Schiller
82%
Der Herr der Ringe 1954 JRR Tolkien
81%
1984 1949 George Orwell
75%
Buddenbrooks 1901 Thomas Mann
75%
Die unendliche Geschichte 1979 Michael Ende
74%
Ilias 8 Jhd v Chr Homer
73%
Das Kapital 1867 Karl Marx
72%
Nathan der Weise 1779 Gotthold Ephraim Lessing
69%
Krieg und Frieden 1868 Lew Tolstoi
67%
Die Blechtrommel 1959 Günter Grass
65%
Mord im Orient Express 1934 Agatha Christie
62%
Homo Faber 1957 Max Frisch
62%
Reise zum Mittelpunkt der Erde 1864 Jules Verne
61%
Die Dreigroschenoper 1928 Bertolt Brecht
59%
Der Besuch der Alten Dame 1956 Friedrich Dürrenmatt
59%
Der Steppenwolf 1927 Hermann Hesse
59%
Stolz und Vorurteil 1813 Jane Austen
59%
Effi Briest 1894 Theodor Fontane
59%
Emil und die Detektive 1929 Erich Kästner
58%
Die Abenteuer des Tom Sawyer 1867 Mark Twain
57%
Der alte Mann und das Meer 1952 Ernest Hemingway
55%
Winnetou 1878 Karl May
55%
Sherlock Holmes 1892 Arthur Conan Doyle
52%
Schuld und Sühne 1866 Fjodor Dostojewski
51%
Der Name der Rose 1980 Umberto Eco
51%
Also sprach Zarathustra 1885 Friedrich Wilhelm Nietzsche
50%
Der Zerbrochene Krug 1808 Heinrich von Kleist
48%
Woyzeck 1837 Gerhard Büchner
47%
Die Drei Musketiere 1844 Alexandre Dumas
46%
Das Bildnis des Dorian Gray 1891 Oscar Wilde
46%
Der Kleine Prinz 1943 Antoine de Saint-Exupéry
45%
Oliver Twist 1838 Charles Dickens
45%
Don Quijote 1605 Miguel de Cervantes
45%
Das Parfüm 1985 Patrick Süskind
45%
Die göttliche Komödie 1320 Dante
44%
Schachnovelle 1943 Stefan Zweig
44%
Tintenherz 2003 Cornelia Funke
43%
Kritik der reinen Vernunft 1883 Immanuel Kant
42%
Pappa ante Portas 1991 Loriot
42%
Ich bin dann mal weg 2006 Hape Kerkeling
41%
Frankenstein 1818 Mary Shelley
39%
Im Westen nichts Neues 1929 Erich Maria Remarque
38%
Der Schimmelreiter 1888 Theodor Storm
38%
Robinson Crusoe 1719 Daniel Defoe
37%
Der Sandmann 1816 ETA Hoffmann
35%
Deutschland. ein Wintermärchen 1844 Heinrich Heine
35%
Der Räuber Hotzenplotz 1962 Otfried Preussler
35%
Der Glöckner von Notre Dame 1831 Victor Hugo
34%
Der große Gatsby 1925 F Scott Fitzgerald
32%
Metamorphosen 8 n Chr Ovid
32%
Des Kaisers neue Kleider 1837 Hans Christian Andersen
31%
Ansichten eines Clowns 1963 Heinrich Böll
31%
Nils Holgersson 1906 Selma Lagerlöf
26%
Orlando 1928 Virginia Woolf
25%
Berlin Alexanderplatz 1929 Alfred Döblin
24%
Moby-Dick 1851 Herman Melville
24%
Casino Royale 1953 Ian Fleming
24%
Das Geisterhaus 1982 Isabel Allende
22%
Der Vorleser 1995 Bernhard Schlink
21%
Das Sams 1973 Paul Maar
21%
Hundert Jahre Einsamkeit 1967 Gabriel Garcia Marquez
19%
Bahnwärter Thiel 1887 Gerhart Hauptmann
19%
Das andere Geschlecht 1949 Simone de Beauvoir
19%
Eine kurze Geschichte der Zeit 1988 Stephen Hawking
19%
Der Untergang des Hauses Usher 1883 Edgar Allan Poe
18%
Der Krieg der Welten 1898 HG Wells
18%
über den Staat 54 v Chr Cicero
17%
Kassandra 1983 Christa Wolf
15%
König Ödipus 429 v Chr Sophokles
15%
Die Vermessung der Welt 2005 Daniel Kehlmann
14%
Sofies Welt 1991 Jostein Gaarder
14%
Der Fall Collini 2011 Ferdinand von Schirach
13%
Aus dem Leben des Taugenichts 1826 Josef von Eichendorff
13%
Tschick 2010 Wolfgang Herrndorf
12%
Der Medicus 1986 Noah Gordon
11%
Herr der Fliegen 1954 William Golding
11%
Drei Schwestern 1901 Anton Pawlowitsch Tschechow
10%
Der Pate 1969 Mario Puzo
10%
Der Ekel 1938 Jean-Paul Sartre
8%
Gottes Werk und Teufels Beitrag 1985 John Irving
6%
Geschichten vom lieben Gott 1900 Rainer Maria Rilke
6%
Ansichten der Natur 1808 Alexander von Humboldt
5%
Die gestundete Zeit 1953 Ingeborg Bachmann
4%
Der Junge im gestreiften Pyjama 2006 John Boyne
4%
Dame König As Spion 1974 John le Carre
3%
Der eherne Reiter 1837 Alexander Puschkin
2%
Die Wunder der Welt 1299 Marco Polo
2%
Sieben Minuten nach Mitternacht 2011 Patrick Ness
1%
Das wüste Land 1922 TS Eliott
1%
Keine übereinstimmenden Quizze gefunden
Verteilung der Resultate
Anzahl Personen mit jedem Resultat
Perzentil nach korrekt beantworteten Fragen
Ihre Resultats-Entwicklung
Sie haben dieses Quiz seit der letzten Aktualisierung nicht gespielt